00463 a2200157 4500020001500000040001300015082001300028100002200041245005400063250000600117260004500123300003600168500005000204650002700254700002400281 a007123201X aDLCbDLC a621.3824 aJohn Daniel Kraus aAntennas for all applicationscKraus, John Daniel a3 aNew Delhi :b McGraw-Hill Book Coc2002. axviii, 938 p. :bill. ;c24 cm. aIncludes bibliographical references and index aAntennas (Electronics) aMarhefka, Ronald J.